000 00599nam a2200229Ia 4500
001 2025
003 GE_BSU
008 181216s||||||||xx |||||||||||||| ||und||
020 _a978589123489
040 _cGE_BSU
080 _a340.1(075.8)
100 _aНерсесянц,В.С.
245 _aТеория права и государства
245 _bКраткий учебный курс
260 _aМосква
260 _bНорма
260 _c2007
300 _a272стр.
541 _h8л.
653 _aТеория государства и права
942 _cBK
999 _c36125
_d36125